[Event "ESP-ch"]
[Site "Lleida"]
[Date "1991.??.??"]
[Round "8"]
[White "Vilar Lopez, Monica"]
[Black "Teran Alvarez, Ismael"]
[Result "1-0"]
[WhiteElo "2200"]
[BlackElo "2200"]

1.e4 c5 2.Nf3 e6 3.d4 cxd4 4.Nxd4 Nc6 5.Nc3 a6 6.a3 Qc7 7.Be3 d6 8.Be2 Be7
9.O-O Nf6 10.f4 O-O 11.Qe1 Bd7 12.Rd1 Na5 13.Kh1 b5 14.Qg3 Kh8 15.e5 Ng8
16.Ne4 Nb7 17.Bd3 Nh6 18.f5 Nxf5 19.Nxf5 exf5 20.exd6 Nxd6 21.Bd4 f6 22.Nc5 Qc6
23.Nxd7 Qxd7 24.Qh3 g6 25.Rf4 Kg8 26.g4 fxg4 27.Rxg4 Qc6+ 28.Kg1 f5 29.Qh6 Ne8
30.Rg2 Bc5 31.Qe3 Rc8 32.Be2 Bxd4 33.Rxd4 Nf6 34.Bf3 Qb6 35.Kh1 Rce8 36.Qb3+ Kg7
37.Qc3 Re7 38.Rgd2 Qe6 39.Re2 Qf7 40.Red2 Qe8 41.Rd6 Re3 42.R2d3 Rxd3 43.Qxd3 a5
44.Kg2 Qe5 45.b3 g5 46.h3 h5 47.Rb6 g4 48.Bc6 f4 49.Rxb5 f3+ 50.Kf1 Qa1+
51.Kf2 g3+ 52.Kxf3 Ng4+ 53.Kg2 Rf2+ 54.Kxg3 Rf7  1-0

[Event "Lloyds Bank op"]
[Site "London"]
[Date "1991.??.??"]
[Round "4"]
[White "Canfell, Gregory"]
[Black "Stebbings, Anthony"]
[Result "1/2-1/2"]
[WhiteElo "2355"]
[BlackElo "2215"]

1.e4 c5 2.Nf3 e6 3.d4 cxd4 4.Nxd4 Nc6 5.Nc3 Qc7 6.Be2 a6 7.O-O Nf6 8.Kh1 Bb4
9.f4 d6 10.Bf3 Bd7 11.Nde2 Bc5 12.a3 h5 13.b4 Bb6 14.b5 Na5 15.e5 dxe5 16.fxe5 Ng4
17.Ne4 Nxe5 18.Nd6+ Ke7 19.Ne4 Nac4 20.bxa6 bxa6 21.Bg5+ f6 22.Qc1 Raf8 23.Bf4 Bc6
24.N2g3 h4 25.Ne2 Qb7 26.Bxe5 Nxe5 27.Qd2 Rd8 28.Qb4+ Kf7 29.Ng5+ Kg6 30.Nxe6 Nxf3
31.Qg4+ Ng5 32.N2f4+ Kh7 33.Nxg5+ fxg5 34.Qf5+ Kg8 35.Qe6+ Kh7 36.Qg6+ Kg8
37.Qe6+ Kh7 38.Qg6+  1/2-1/2

[Event "USA-op Los Angeles"]
[Site "Los Angeles"]
[Date "1991.??.??"]
[Round "?"]
[White "Zapata, Alonso"]
[Black "Dzindzichashvili, Roman"]
[Result "1/2-1/2"]
[WhiteElo "2510"]
[BlackElo "2555"]

1.e4 c5 2.Nf3 e6 3.d4 cxd4 4.Nxd4 Nc6 5.Nc3 d6 6.Be2 Nf6 7.O-O Be7 8.Be3 O-O
9.f4 a6 10.Bf3 Qc7 11.Kh1 Nxd4 12.Qxd4 e5 13.Qd2 Be6 14.a4 exf4 15.Bxf4 Nd7
16.a5 Ne5 17.Be2 Rae8  1/2-1/2

[Event "Lyngby op"]
[Site "Lyngby"]
[Date "1991.??.??"]
[Round "3"]
[White "Trichkov, Vasil"]
[Black "Petersen, Soren"]
[Result "1-0"]
[WhiteElo "2310"]
[BlackElo "2270"]

1.e4 c5 2.Nf3 e6 3.d4 cxd4 4.Nxd4 Nc6 5.Nc3 Qc7 6.g3 a6 7.Bg2 d6 8.O-O Bd7
9.a4 Nf6 10.Nb3 Be7 11.a5 Ne5 12.f4 Nc4 13.Qe2 e5 14.f5 Rc8 15.g4 h6 16.h4 Qd8
17.g5 hxg5 18.hxg5 Nh5 19.Qg4 Nf4 20.g6 Bg5 21.gxf7+ Kxf7 22.Rf2 Rh4 23.Qg3 Qf6
24.Nd4 exd4 25.Nd5 Nh5 26.Bxg5 Nxg3 27.Nxf6 gxf6 28.Bxh4 Nh5 29.Rd1 Nxb2
30.Rxd4 Nc4 31.Bf1 Ne3 32.Be2 Rg8+ 33.Kh2 Nf4 34.Rxd6 Rh8 35.Rxf4  1-0

[Event "Lyngby op"]
[Site "Lyngby"]
[Date "1991.??.??"]
[Round "7"]
[White "Kristiansen, Jens"]
[Black "Fedder, Steen"]
[Result "1/2-1/2"]
[WhiteElo "2415"]
[BlackElo "2400"]

1.e4 c5 2.Nf3 e6 3.d4 cxd4 4.Nxd4 Nc6 5.Nc3 d6 6.Be2 Nf6 7.O-O Be7 8.Kh1 O-O
9.f4 Bd7 10.Nb3 a6 11.a4 Nb4 12.Bf3 Bc6 13.Nd4 Qc7 14.Qe2 Rfd8 15.g4 d5 16.e5 Ne4
17.Be3 Bc5 18.Nd1 Be8 19.c3 Qb6 20.Nf2 Nc6 21.a5 Qc7 22.Bxe4 dxe4 23.Nxe6 fxe6
24.Bxc5 Nxe5 25.Bb6 Qc4 26.Qxc4 Nxc4 27.Bxd8 Rxd8 28.Nxe4 Bc6 29.Rfe1 Nd2
30.Rad1 Rd7 31.Kg1 Nf3+ 32.Kf2 Rxd1 33.Rxd1 Bxe4 34.Rd6 Nxh2 35.Kg3 Nf1+
36.Kf2 Nh2 37.Kg3  1/2-1/2

[Event "Wch U20 Girls"]
[Site "Mamaia"]
[Date "1991.??.??"]
[Round "?"]
[White "Claus, Caroline"]
[Black "Csoke, Adrienn"]
[Result "0-1"]
[WhiteElo "2100"]
[BlackElo "2170"]

1.e4 c5 2.Nf3 e6 3.d4 cxd4 4.Nxd4 Nc6 5.Nc3 Qc7 6.Be2 a6 7.O-O Nf6 8.Kh1 Nxd4
9.Qxd4 Bc5 10.Qd3 h5 11.f4 Ng4 12.Bxg4 hxg4 13.Be3 b5 14.Bxc5 Qxc5 15.Rad1 Qh5
16.Qg3 Qh4 17.Qxh4 Rxh4 18.g3 Rh5 19.Kg1 Bb7 20.e5 f5 21.exf6 gxf6 22.Rfe1 Bf3
23.Rd2 Ke7 24.Ne4 Rc8 25.c3 d5 26.Nf2 Rc4 27.Nd1 Re4 28.Rxe4 Bxe4 29.Ne3 f5
30.Nc2 Bxc2 31.Rxc2 Rh8 32.Kg2 Kd6 33.Re2 a5 34.a3 Rc8 35.h4 gxh3+ 36.Kxh3 Rc4
37.Kg2 a4 38.Kf3 Re4 39.Re3 Kc5 40.Rd3 Kc4 41.Rd2 Kb3 42.Kf2 Ka2 43.Kf1 Kb1
44.Rg2 Kc1 45.Kg1 d4 46.cxd4 Rxd4  0-1

[Event "Wch U20 Girls"]
[Site "Mamaia"]
[Date "1991.??.??"]
[Round "?"]
[White "Claus, Caroline"]
[Black "Paasikangas, Johanna"]
[Result "1-0"]
[WhiteElo "2100"]
[BlackElo "2130"]

1.e4 c5 2.Nf3 e6 3.d4 cxd4 4.Nxd4 Nc6 5.Nc3 Qc7 6.Be2 a6 7.O-O Nf6 8.Kh1 Nxd4
9.Qxd4 Bc5 10.Qd3 h6 11.f4 d6 12.f5 O-O 13.Qg3 Kh7 14.Qh4 Qe7 15.Bd3 exf5
16.exf5 Qe5 17.Bf4 Qd4 18.Ne2 Qd5 19.Bxh6 gxh6 20.Qxf6 Qe5 21.Qxe5 dxe5 22.f6+ Kh8
23.Ng3 Bb6 24.Rae1 Bc7 25.Nf5 h5 26.Re4 Rg8 27.Nh6  1-0

[Event "Wch U20"]
[Site "Mamaia"]
[Date "1991.??.??"]
[Round "?"]
[White "Pedzich, Dominik"]
[Black "Sinowjew, Juri"]
[Result "1/2-1/2"]
[WhiteElo "2385"]
[BlackElo "2305"]

1.e4 c5 2.Nf3 e6 3.d4 cxd4 4.Nxd4 Nc6 5.Nc3 a6 6.Be2 Qc7 7.O-O Nf6 8.Be3 Be7
9.f4 d6 10.Bf3 O-O 11.Kh1 Rd8 12.Qe1 Nxd4 13.Bxd4 e5 14.Be3 b5 15.Rd1 Rb8
16.Qf2 Bd7 17.fxe5 dxe5 18.Nd5 Nxd5 19.exd5 Bd6 20.g4 f5 21.gxf5 Bxf5 22.Rd2 Rf8
23.Qg2 Qd7 24.Rg1 Bh3 25.Qe2 Qf7 26.Be4 Bf5 27.Bh6 Bg6 28.Bxg6  1/2-1/2

[Event "Wch U20 Girls"]
[Site "Mamaia"]
[Date "1991.??.??"]
[Round "?"]
[White "Fruteau, Sabine"]
[Black "Janjgava, Natia"]
[Result "0-1"]
[WhiteElo "2055"]
[BlackElo "2175"]

1.e4 c5 2.Nf3 e6 3.d4 cxd4 4.Nxd4 Nc6 5.Nc3 Qc7 6.Be2 a6 7.O-O Nf6 8.Kh1 b5
9.a3 Bb7 10.f4 Nxd4 11.Qxd4 Bc5 12.Qd3 d5 13.exd5 Nxd5 14.f5 O-O 15.Ne4 Be7
16.fxe6 fxe6 17.Ng5 Rxf1+ 18.Bxf1 Bxg5 19.Bxg5 Qe5 20.Bc1 Rf8 21.c3 Qe1  0-1

[Event "Wch U20"]
[Site "Mamaia"]
[Date "1991.??.??"]
[Round "?"]
[White "Savas, Levent"]
[Black "Sinowjew, Juri"]
[Result "0-1"]
[WhiteElo "2230"]
[BlackElo "2305"]

1.e4 c5 2.Nf3 e6 3.d4 cxd4 4.Nxd4 Nc6 5.Nc3 a6 6.f4 Qc7 7.Nxc6 bxc6 8.Bd3 d5
9.exd5 cxd5 10.Qe2 Nf6 11.Be3 Rb8 12.Nd1 Bc5 13.c3 O-O 14.O-O a5 15.Kh1 a4
16.Bd4 Bxd4 17.cxd4 Rb4 18.a3 Rxd4 19.Qe3 Qb6 20.Nc3 Bd7 21.Rae1 Rb8 22.Rf3 Ng4
23.Qd2 Rxd3 24.Qxd3 Nf2+ 25.Rxf2 Qxf2 26.Rf1 Qc5 27.f5 Rxb2 28.fxe6 fxe6
29.Qf3 Qe7 30.Nxd5 exd5 31.Qxd5+ Qe6 32.Qa8+ Be8 33.h3 Qc6  0-1

[Event "Wch U14 Girls"]
[Site "Mamaia"]
[Date "1991.??.??"]
[Round "9"]
[White "Medvegy, Nora"]
[Black "Djingarova, Emilia"]
[Result "1-0"]
[WhiteElo "2185"]
[BlackElo "2025"]

1.e4 c5 2.Nf3 e6 3.Nc3 Nc6 4.d4 cxd4 5.Nxd4 a6 6.g3 Nf6 7.Bg2 Qc7 8.O-O Be7
9.Kh1 O-O 10.f4 Nxd4 11.Qxd4 Bc5 12.Qd1 d6 13.b3 Rb8 14.Bb2 b5 15.g4 e5 16.Nd5 Nxd5
17.exd5 Bb7 18.Rf3 Rbc8 19.c3 Qe7 20.Rh3 exf4 21.Qd3 h6 22.Be4 Rce8 23.Bh7+ Kh8
24.c4 Qg5 25.Rh5 Qxg4 26.Rxh6 Qg5 27.Qh3 Re5 28.Bxe5 Qxe5 29.Bg6+  1-0

[Event "Manzanillo"]
[Site "Manzanillo"]
[Date "1991.??.??"]
[Round "7"]
[White "Ovalles, Otto"]
[Black "Blanco Fernandez, Alvaro"]
[Result "1/2-1/2"]
[WhiteElo "2260"]
[BlackElo "2245"]

1.e4 c5 2.Nc3 Nc6 3.Nf3 e6 4.d4 cxd4 5.Nxd4 Qc7 6.Be3 a6 7.f4 d6 8.Be2 Nf6
9.Bf3 Nxd4 10.Qxd4 e5 11.Qb6 Qxb6 12.Bxb6 exf4 13.O-O-O Be7 14.Bc7 O-O 15.Bxd6 Bxd6
16.Rxd6 Re8 17.Rhd1 Bg4 18.Rb6 Rab8 19.Rf1 Nd7 20.Rd6 Be6 21.Be2 g5 22.Nd5 Bxd5
23.Rxd5 Ne5 24.g3 fxg3 25.hxg3 Kg7 26.Rf5 f6 27.Rd6 Rf8 28.Re6 Rbd8 29.Rb6 Rd7
30.b3 Re7 31.c3 Rc7 32.Kc2 Nd7 33.Rd6 Re8 34.Bd3 Rf8 35.a4 Ne5 36.Be2 Rd7
37.Rxd7+ Nxd7 38.Rd5 Ne5 39.Rd6 Kg6 40.g4 Re8 41.b4 Rc8 42.Kb3 Kf7 43.c4 Ke7
44.Rd1 b6 45.Rh1 Rh8 46.c5 bxc5 47.bxc5 a5 48.Kc3 h6 49.Rb1 h5 50.gxh5 g4
51.Rb7+ Ke6 52.Rb6+ Ke7 53.Rb7+ Ke6 54.Rb6+ Ke7 55.Rb7+ Ke6  1/2-1/2

[Event "Mar del Plata op"]
[Site "Mar del Plata"]
[Date "1991.??.??"]
[Round "?"]
[White "Gomez Baillo, Jorge H"]
[Black "Paz, Victor Jorge"]
[Result "1-0"]
[WhiteElo "2425"]
[BlackElo "2295"]

1.e4 e6 2.d4 c5 3.Nf3 cxd4 4.Nxd4 Nc6 5.Nc3 a6 6.Nxc6 bxc6 7.e5 Bb4 8.Qg4 Bxc3+
9.bxc3 g6 10.Qb4 Qc7 11.Qc5 a5 12.Ba3 d6 13.exd6 Qd7 14.Bd3 f6 15.O-O Nh6
16.Rfe1 O-O 17.Rxe6 Qa7 18.d7 Bxd7 19.Qxa7 Rxa7 20.Bxf8 Kxf8 21.Rxf6+ Kg7
22.Rf4 Be6 23.f3 c5 24.Re1 Bg8 25.Bc4 Nf7 26.Re8 Nh6 27.Bxg8 Nxg8 28.Re5 Rd7
29.Rxc5 Rd1+ 30.Kf2 Rd2+ 31.Ke3 Rd7 32.Rxa5 Ne7 33.Rd4 Rb7 34.Re4 Kf6 35.g4 h6
36.f4 Rc7 37.c4 Kf7 38.Rae5 Nc8 39.Re6 Na7 40.f5 gxf5 41.gxf5 Nc6 42.Rxh6 Kg7
43.Ree6 Ne7 44.f6+  1-0

[Event "Mar del Plata op"]
[Site "Mar del Plata"]
[Date "1991.??.??"]
[Round "?"]
[White "Giaccio, Alfredo"]
[Black "Valiente, Cristobal"]
[Result "1/2-1/2"]
[WhiteElo "2325"]
[BlackElo "2370"]

1.e4 c5 2.Nf3 Nc6 3.d4 cxd4 4.Nxd4 e6 5.Nc3 a6 6.f4 Qc7 7.Be3 b5 8.Be2 Bb7
9.Bf3 Rc8 10.O-O Nxd4 11.Qxd4 Qc5 12.Qd2 Qxe3+ 13.Qxe3 Bc5 14.Qxc5 Rxc5 15.Rf2 Ne7
16.Rd2 Bc6 17.Kf2 O-O 18.a3  1/2-1/2

[Event "Interclub"]
[Site "Melbourne"]
[Date "1991.??.??"]
[Round "?"]
[White "Depasquale, Chris"]
[Black "Johansen, Darryl K"]
[Result "1-0"]
[WhiteElo "2280"]
[BlackElo "2465"]

1.e4 c5 2.Nf3 e6 3.d4 cxd4 4.Nxd4 Nc6 5.Nc3 d6 6.Bc4 a6 7.Be3 Qc7 8.Bb3 Na5
9.O-O b5 10.f4 b4 11.Ba4+ Bd7 12.f5 e5 13.Nd5 Qb7 14.Bxd7+ Qxd7 15.Ne6 Rb8
16.Ndc7+ Ke7 17.Bg5+ f6 18.Nd5+ Kf7 19.Qh5+ g6 20.fxg6+ Kxe6 21.Qh3+  1-0

[Event "AUS-ch"]
[Site "Melbourne"]
[Date "1991.??.??"]
[Round "8"]
[White "Canfell, Gregory"]
[Black "Johansen, Darryl K"]
[Result "0-1"]
[WhiteElo "2280"]
[BlackElo "2465"]

1.e4 c5 2.Nf3 Nc6 3.d4 cxd4 4.Nxd4 e6 5.Nc3 a6 6.Be2 Nge7 7.O-O Nxd4 8.Qxd4 Nc6
9.Qd1 Qc7 10.f4 b5 11.Bf3 Bb7 12.Kh1 Be7 13.Be3 O-O 14.a3 Na5 15.Qd3 Nc4
16.Bc1 Rac8 17.Ne2 Rfe8 18.b3 Nb6 19.Nd4 Bd6 20.e5 Bc5 21.Bxb7 Qxb7 22.Bb2 Nd5
23.f5 Bxd4 24.Bxd4 Qc6 25.c3 exf5 26.Rxf5 Ne7 27.Rf3 Ng6 28.Raf1 Re7 29.Qc2 Qd5
30.Qf2 Qxb3 31.Bc5 Ree8 32.Rxf7 Qe6 33.Bd6 h6 34.Qg3 Qxf7 35.Rxf7 Kxf7 36.Qd3 Re6
37.h3 Kg8 38.a4 Nxe5 39.Bxe5 Rxe5 40.Qxd7 Rxc3 41.Qd6 Re1+ 42.Kh2 bxa4 43.Qd8+ Kh7
44.Qa5 Ree3 45.Qxa4 Re6 46.Qa5 Rce3 47.Qf5+ Kg8 48.h4 R3e5 49.Qd3 h5 50.Qd8+ Re8
51.Qd4 Kh8 52.g3 a5 53.Kh3 Re3 54.Qc5 R8e5 55.Qc2 R3e4 56.Qc8+ Kh7 57.Qc2 a4
58.Qd3 Re7 59.Qf3 Kh6 60.Qf5 R7e5 61.Qf3 Kh7 62.Qd3 Re7 63.Qf3 g6 64.Qa3 Ra7
65.Qc5 Ree7 66.Qa3 Reb7 67.Kg2 Ra6 68.Kh3 Ra5 69.Qc3 Raa7 70.Qa3 Rb3 71.Qc5 Rab7
72.Qc4 a3 73.Qa6 Re7 74.Qd6 Ra7 75.Qd4 Rbb7  0-1

[Event "POL-chT"]
[Site "Mikolajki"]
[Date "1991.??.??"]
[Round "2"]
[White "Flis, Jacek"]
[Black "Maslanka, Robert"]
[Result "1/2-1/2"]
[WhiteElo "2355"]
[BlackElo "2300"]

1.e4 c5 2.Nf3 e6 3.d4 cxd4 4.Nxd4 Nc6 5.Nc3 Qc7 6.Be2 a6 7.O-O Nf6 8.Kh1 Be7
9.f4 d6 10.Be3 O-O 11.Qe1 Nxd4 12.Bxd4 b5 13.a3 Bb7 14.Qg3 Bc6 15.Rae1 Qb7
16.Bd3 b4 17.axb4 Qxb4 18.Ne2 Qb7 19.e5 dxe5 20.Bxe5 Be4 21.Bxe4 Qxe4 22.Nd4 Qg6
23.Qf3 Nd7 24.f5 Qg5 25.Bf4 Qf6 26.fxe6 Nc5 27.exf7+ Qxf7 28.b4 Nd7 29.Ne6 Rfc8
30.Qe4 Nf6 31.Qd4 Rc6 32.Ng5 Qf8 33.Be5 Qd8 34.Qe3 Qd5 35.Qh3 h6 36.Bxf6 Rxf6
37.Rxf6 Bxf6 38.Ne4 Be5 39.Qf3 Rd8 40.Rf1 Qc4 41.c3 Kh8 42.g4 Re8 43.h3 Bb8
44.Re1 Qc7 45.Re2 Rd8 46.Rf2 Ba7 47.Rf1 Bb8 48.Qg2 Re8 49.Re1 Qxc3  1/2-1/2

[Event "POL-chT"]
[Site "Mikolajki"]
[Date "1991.??.??"]
[Round "4"]
[White "Stecki, Witold"]
[Black "Delekta, Piotr"]
[Result "1/2-1/2"]
[WhiteElo "2235"]
[BlackElo "2255"]

1.e4 c5 2.Nf3 e6 3.Nc3 Nc6 4.d4 cxd4 5.Nxd4 a6 6.g3 d6 7.Bg2 Bd7 8.O-O Nf6
9.Be3 Be7 10.Qe2 Qc7 11.a4 O-O 12.Nxc6 Bxc6 13.a5 Nd7 14.Rfd1 Rac8 15.Bd4 Rfd8
16.Nd5 Bxd5 17.exd5 e5 18.c3 exd4 19.Qxe7 dxc3 20.bxc3 Re8 21.Qh4 Qxc3 22.Rab1 Qxa5
23.Rxb7 Rc7 24.Rxc7 Qxc7 25.Qa4 a5 26.Qc6 Rc8 27.Rc1 Nc5 28.Qb5 Qa7 29.Bh3 Rd8
30.Re1 g6 31.Bf1 Kg7 32.h4 a4 33.h5 Qb7 34.Qa5 Rf8 35.Qc3+ f6 36.Bc4 Qd7
37.Ba2 gxh5 38.Bb1 h4 39.Re3 Kh8 40.Rf3 Qg7 41.Qd4 hxg3 42.Rxg3 Qh6 43.Qg4 Rb8
44.Kg2 Qg5 45.Qd4 Qe5 46.Qg4 Qxd5+ 47.Kh2 Rg8 48.Qh4 Qf7 49.Ba2 Nb3 50.Rxg8+ Qxg8
51.Qxf6+ Qg7 52.Qd8+ Qg8 53.Qxd6 Qe8 54.Qd5 Qb8+ 55.Kh1 Qb4 56.Qe5+ Kg8 57.f4 Qc4
58.Qg5+ Kf7 59.Qf5+ Kg7 60.Qe5+ Kf7 61.Qf5+  1/2-1/2

[Event "POL-chT"]
[Site "Mikolajki"]
[Date "1991.??.??"]
[Round "7"]
[White "Borkowski, Franciszek"]
[Black "Malisauskas, Vidmantas"]
[Result "0-1"]
[WhiteElo "2375"]
[BlackElo "2505"]

1.e4 c5 2.Nf3 e6 3.d4 cxd4 4.Nxd4 Nc6 5.Nc3 d6 6.Be3 Nge7 7.f4 Nxd4 8.Qxd4 Nc6
9.Qd2 a6 10.Na4 b5 11.Nb6 Rb8 12.Nxc8 Qxc8 13.Be2 Be7 14.O-O O-O 15.Kh1 Rd8
16.c3 d5 17.e5 b4 18.Qd3 bxc3 19.bxc3 a5 20.Rab1 g6 21.Rxb8 Nxb8 22.Rb1 Nd7
23.Bd4 Bc5 24.a4 Qc7 25.h4 h5 26.Qg3 Bxd4 27.cxd4 Qc2 28.Bd3 Qc3 29.Qg5 Rc8
30.Bxg6 fxg6 31.Qxg6+ Kf8 32.Qh6+ Ke7 33.Qh7+ Kd8 34.Qg8+ Ke7 35.Qg7+ Kd8
36.f5 Qxd4 37.Qg5+ Kc7 38.fxe6 Nb6 39.e7 Re8 40.e6 Nc4 41.Qxh5 Rxe7 42.Rd1 Qe4
43.Qxd5 Qxd5 44.Rxd5 Kc6 45.Rg5 Rxe6 46.h5 Ne5 47.g4 Kd5 48.Rg8 Ke4 49.g5 Kf3
50.Kh2 Kg4 51.h6 Nf3+ 52.Kg2 Re2+ 53.Kf1 Rh2 54.h7 Kg3  0-1

[Event "POL-chT"]
[Site "Mikolajki"]
[Date "1991.??.??"]
[Round "7"]
[White "Pyda, Zbigniew"]
[Black "Flis, Jacek"]
[Result "1/2-1/2"]
[WhiteElo "2365"]
[BlackElo "2355"]

1.e4 c5 2.Nf3 e6 3.Nc3 Nc6 4.d4 cxd4 5.Nxd4 Qc7 6.Be2 a6 7.O-O Nf6 8.Kh1 Nxd4
9.Qxd4 Bc5 10.Qd3 b5 11.f4 Bb7 12.e5 Nd5 13.Ne4 Be7 14.c3 O-O 15.a4 Bc6 16.Qg3 f5
17.axb5 Bxb5 18.Bxb5 axb5 19.Rxa8 Rxa8 20.Nd2 Ra1 21.Qf3 Ra4 22.Nb3 Qc4 23.Nd4 Ra1
24.Rd1 b4 25.Nc2 Rb1 26.Ne3 Nxe3 27.Bxe3 Qd3 28.Rg1 b3 29.Qf2 Rxg1+ 30.Qxg1 Qe2
31.Bc1 Qc2 32.h3 Bh4 33.Qe3 Qd1+ 34.Kh2 Qf1 35.g3 Be7 36.h4 h6 37.Bd2 Qd1
38.Qe1 Qc2 39.Qc1 Qe4 40.Be3 Qd3 41.Qd2 Qf1 42.Qxd7  1/2-1/2

[Event "POL-chT"]
[Site "Mikolajki"]
[Date "1991.??.??"]
[Round "8"]
[White "Juroszek, Tadeusz"]
[Black "Gdanski, Jacek"]
[Result "0-1"]
[WhiteElo "2360"]
[BlackElo "2420"]

1.e4 e6 2.Nc3 c5 3.Nf3 Nc6 4.d4 cxd4 5.Nxd4 Qc7 6.f4 a6 7.Nf3 b5 8.Bd3 Bc5
9.Qe2 d6 10.f5 Nd4 11.Nxd4 Bxd4 12.Nd1 Nf6 13.c3 Be5 14.fxe6 fxe6 15.a4 bxa4
16.Rxa4 O-O 17.Nf2 a5 18.O-O Bd7 19.Ra1 a4 20.h3 Qb7 21.Be3 Rab8 22.Rab1 Bb5
23.Bd4 h5 24.Rfd1 Bg3 25.Bc4 Bxc4 26.Qxc4 Bxf2+ 27.Bxf2 Qxe4 28.Qa6 Nd5 29.Re1 Qg6
30.Qxa4 Nf4 31.Qe4 Nxh3+ 32.Kh2 Qxe4 33.Rxe4  0-1

[Event "FRA-ch Acc"]
[Site "Montpellier"]
[Date "1991.??.??"]
[Round "1"]
[White "Belheine, Larbi"]
[Black "Monnard, Laurent"]
[Result "1/2-1/2"]
[WhiteElo "1990"]
[BlackElo "2240"]

1.e4 c5 2.Nc3 Nc6 3.Nf3 e6 4.d4 cxd4 5.Nxd4 Qc7 6.Ndb5 Qb8 7.g3 a6 8.Nd4 Nf6
9.Bg2 Be7 10.O-O O-O 11.a4 Qc7 12.Nb3 b6 13.f4 d6 14.Be3 Bb7 15.Qe2 Rac8
16.Rad1 Rfe8 17.g4 Nb4 18.g5 Nd7 19.Rf3 g6 20.Rh3 Bf8 21.Qf2 Bg7 22.Nd4  1/2-1/2

[Event "FRA-ch Acc"]
[Site "Montpellier"]
[Date "1991.??.??"]
[Round "1"]
[White "Bersoult, Francois"]
[Black "Belkhodja, Slim"]
[Result "1/2-1/2"]
[WhiteElo "2215"]
[BlackElo "2395"]

1.e4 c5 2.Nf3 Nc6 3.d4 cxd4 4.Nxd4 e6 5.Nc3 d6 6.Be3 Nf6 7.Be2 Be7 8.O-O O-O
9.f4 a6 10.Kh1 Bd7 11.Bf3 Qc7 12.Qe1 e5 13.Nb3 Rfe8 14.Qg3 Be6 15.f5 Bxb3
16.Bh6 Bf8 17.cxb3 Kh8 18.Bg5 Be7 19.Rac1 Qd8 20.Be3 Rc8 21.Qf2 b5 22.Rfd1 b4
23.Na4 Nd7 24.Bb6 Nxb6 25.Nxb6 Rc7 26.Nd5 Rc8 27.Nb6 Rc7 28.Nd5  1/2-1/2

[Event "FRA-ch Acc"]
[Site "Montpellier"]
[Date "1991.??.??"]
[Round "2"]
[White "Gouret, Thierry"]
[Black "Belheine, Larbi"]
[Result "1-0"]
[WhiteElo "2240"]
[BlackElo "1990"]

1.e4 c5 2.Nf3 e6 3.d4 cxd4 4.Nxd4 Nc6 5.Nc3 a6 6.Be3 Nf6 7.Bd3 Qc7 8.O-O Ne5
9.h3 d6 10.f4 Ned7 11.g4 h6 12.Qe1 b5 13.a3 Be7 14.Qf2 Nc5 15.g5 Nh7 16.h4 Bb7
17.Rac1 Nf8 18.b4 Ncd7 19.Nce2 hxg5 20.hxg5 Rc8 21.c4 bxc4 22.Rxc4 Qb8 23.Rxc8+ Qxc8
24.Rc1 Qa8 25.Ng3 Ng6 26.Bf1 Nh4 27.Be2 Ng6 28.f5 Ngf8 29.fxe6 fxe6 30.Nh5 Bxe4
31.Nxg7+ Kd8 32.Ngxe6+ Ke8 33.Ng7+ Kd8  1-0

[Event "FRA-ch Acc"]
[Site "Montpellier"]
[Date "1991.??.??"]
[Round "3"]
[White "Parmentier, Xavier"]
[Black "Pira, Davoud"]
[Result "0-1"]
[WhiteElo "2245"]
[BlackElo "2320"]

1.e4 c5 2.Nf3 Nc6 3.d4 cxd4 4.Nxd4 e6 5.Nc3 Qc7 6.Be2 a6 7.O-O Nf6 8.Kh1 d6
9.a4 Be7 10.f4 O-O 11.Be3 Rd8 12.Qe1 Nxd4 13.Bxd4 e5 14.Be3 exf4 15.Bxf4 Be6
16.Qg3 Nd7 17.Bg4 Nf8 18.Bxe6 fxe6 19.Qg4 Bf6 20.Rf3 Qe7 21.Raf1 Ng6 22.Nd1 Rac8
23.Ne3 Nxf4 24.Rxf4 Bxb2 25.h3 Bd4 26.Rf7 Qxf7 27.Rxf7 Kxf7 28.Qf3+ Kg8 29.Ng4 Rxc2
30.Qb3 Rc1+ 31.Kh2 Re8 32.Qxb7 h5 33.Qd7 Rcc8 34.Qxd6 Rcd8 35.Nh6+ Kh7 36.Qf4 gxh6
37.Qf7+ Bg7 38.Qxh5 Rf8 39.Qa5 Rd4 40.Qxa6 Be5+ 41.g3 Rd2+ 42.Kg1 Bd4+ 43.Kh1 Rd1+  0-1

[Event "FRA-ch Acc"]
[Site "Montpellier"]
[Date "1991.??.??"]
[Round "3"]
[White "Schabanel, Stephane"]
[Black "Belkhodja, Slim"]
[Result "0-1"]
[WhiteElo "2395"]
[BlackElo "2235"]

1.e4 c5 2.Nf3 e6 3.d4 cxd4 4.Nxd4 Nc6 5.Nc3 d6 6.Be2 Nf6 7.O-O Be7 8.Be3 O-O
9.f4 a6 10.a4 Qc7 11.Kh1 Re8 12.Bg1 Rb8 13.Bf3 e5 14.Nde2 Bf8 15.f5 Nb4 16.g4 d5
17.g5 Nxe4 18.Nxe4 dxe4 19.Bxe4 b5 20.c3 Bb7 21.Qb1 Qc4 22.Ng3 Nd3 23.Re1 Nxe1
24.Qxe1 bxa4  0-1

[Event "FRA-ch Acc"]
[Site "Montpellier"]
[Date "1991.??.??"]
[Round "5"]
[White "Belheine, Larbi"]
[Black "Tugaye, Francis"]
[Result "0-1"]
[WhiteElo "1990"]
[BlackElo "2120"]

1.e4 c5 2.Nf3 e6 3.d4 cxd4 4.Nxd4 Nc6 5.Nc3 d6 6.Bc4 Nf6 7.Be3 Be7 8.Qe2 O-O
9.O-O-O a6 10.Bb3 Qc7 11.g4 Nd7 12.Rhg1 Nc5 13.g5 Rd8 14.h4 g6 15.h5 Bf8
16.Rh1 Nxb3+ 17.axb3 b5 18.f3 b4 19.Nxc6 Qxc6 20.Na4 Rb8 21.Qh2 Rd7 22.Rd4 Rdb7
23.hxg6 fxg6 24.Rxb4 h5 25.Rc4 Qe8 26.Rd4 Bd7 27.Nc3 a5 28.Qd2 Bc6 29.Rf1 Qc8
30.f4 a4 31.b4 Bg7 32.Na2 Bb5 33.Rd1 Bc4 34.Nc3 Rxb4 35.Rxd6 a3 36.bxa3 Rb1+
37.Nxb1 Bb2+  0-1

[Event "FRA-ch Acc"]
[Site "Montpellier"]
[Date "1991.??.??"]
[Round "6"]
[White "Chomet, Pascal"]
[Black "Debard, Michel"]
[Result "1-0"]
[WhiteElo "2260"]
[BlackElo "2150"]

1.e4 c5 2.Nf3 e6 3.d4 cxd4 4.Nxd4 Nc6 5.Nc3 a6 6.Nxc6 bxc6 7.Bd3 d5 8.O-O Nf6
9.Qe2 Be7 10.f4 Qc7 11.b3 O-O 12.Bb2 a5 13.Kh1 Nd7 14.exd5 Nc5 15.dxe6 Bxe6
16.f5 Nxd3 17.cxd3 Bd5 18.f6 Bd6 19.Nxd5 cxd5 20.fxg7 Rfe8 21.Qh5 Bf4 22.Qxd5 Rad8
23.Qf5 Re2 24.Rxf4 Rxb2 25.Rh4 Kxg7 26.Qxh7+ Kf6 27.Rf1+  1-0

[Event "FRA-ch Acc"]
[Site "Montpellier"]
[Date "1991.??.??"]
[Round "9"]
[White "Moulain, Jean Pierre"]
[Black "Tugaye, Francis"]
[Result "0-1"]
[WhiteElo "2225"]
[BlackElo "2120"]

1.e4 c5 2.Nf3 e6 3.Nc3 Nc6 4.d4 cxd4 5.Nxd4 d6 6.Be2 Nf6 7.O-O a6 8.Kh1 Qc7
9.f4 Bd7 10.a3 Rc8 11.f5 Nxd4 12.Qxd4 e5 13.Qf2 Bc6 14.Bf3 h5 15.Be3 b5 16.Qe2 Qb7
17.Bg5 Nh7 18.Bh4 Be7 19.Bxe7 Kxe7 20.Rad1 Nf6 21.Qd2 Qc7 22.Qg5 Kf8 23.Qd2 Ke7
24.Rfe1 Rhd8 25.Qg5 Rh8 26.Re3 Qb6 27.b4 Bb7 28.Red3 h4 29.Rxd6 Qxd6 30.Rxd6 Kxd6
31.Qxg7 Ke7 32.Nd5+ Bxd5 33.exd5 Rhd8 34.h3 Rc4 35.Bh5 Nxh5 36.Qxe5+ Kd7
37.f6 Ng3+ 38.Kg1 Re8  0-1

[Event "FRA-ch Acc"]
[Site "Montpellier"]
[Date "1991.??.??"]
[Round "9"]
[White "Le Godec, Daniel"]
[Black "Pira, Davoud"]
[Result "1-0"]
[WhiteElo "2190"]
[BlackElo "2320"]

1.e4 c5 2.Nf3 e6 3.d4 cxd4 4.Nxd4 Nc6 5.Nc3 Qc7 6.Be2 a6 7.O-O Nf6 8.Kh1 Nxd4
9.Qxd4 Bc5 10.Qd3 h5 11.f4 Ng4 12.Qg3 b5 13.Bd2 Bb7 14.Bd3 O-O-O 15.a4 b4
16.Na2 a5 17.Nc1 Qb6 18.Be1 f5 19.Nb3 fxe4 20.Nxc5 Qxc5 21.Be2 g5 22.Bxg4 hxg4
23.Bf2 e3 24.Bxe3 Qc6 25.Kg1 gxf4 26.Rxf4 d6 27.Rxg4 Kb8 28.c3 b3 29.Rd1 Rhf8
30.Rg7 e5 31.h3 Qe4 32.Bb6 Rc8 33.Rxd6 Qb1+ 34.Kh2 Qxb2 35.Rxb7+ Kxb7 36.Qg7+  1-0

[Event "Russian Winter op"]
[Site "Moscow"]
[Date "1991.??.??"]
[Round "?"]
[White "Rogozenko, Dorin"]
[Black "Kremenietsky, Anatoly M"]
[Result "1-0"]
[WhiteElo "2315"]
[BlackElo "2390"]

1.e4 c5 2.Nf3 e6 3.d4 cxd4 4.Nxd4 Nc6 5.Nc3 Qc7 6.f4 a6 7.Nxc6 Qxc6 8.Be2 Bc5
9.Bf3 d6 10.Qd3 Ne7 11.e5 d5 12.Be3 Bd7 13.O-O-O Rc8 14.Bxc5 Qxc5 15.Ne4 Qb4
16.a3 Qa4 17.Nd6+ Kf8 18.Nxc8 Qxf4+ 19.Qd2 Qxd2+ 20.Rxd2 Bxc8 21.c4 Bd7 22.cxd5 exd5
23.Bxd5 Nxd5 24.Rxd5 Ke7 25.Rc5 Bc6 26.Rf1 h5 27.h4 Rd8 28.e6 Kxe6 29.Rxh5 Bxg2
30.Rg1 Be4 31.Rxg7 f5 32.Rh6+ Ke5 33.h5 Rc8+ 34.Kd1 Kf4 35.Rb6 Rd8+ 36.Ke1 Rd3
37.h6 Rh3 38.Kd2 Rd3+ 39.Kc1 Rh3 40.Kd2 Rd3+ 41.Kc1 Rh3 42.h7 Bc6 43.Kd2 Ke5
44.Re7+ Kd5 45.Rb3 Rh2+ 46.Ke1 Kd4 47.Rg3 Rh1+ 48.Kf2 Rh2+ 49.Kf1 Rh1+ 50.Rg1 Bb5+
51.Kf2  1-0

[Event "Moscow5-B"]
[Site "Moscow"]
[Date "1991.??.??"]
[Round "?"]
[White "Kalegin, Evgenij"]
[Black "Zoltek, Tadeusz"]
[Result "1-0"]
[WhiteElo "2390"]
[BlackElo "2315"]

1.e4 c5 2.Nf3 e6 3.Nc3 Nc6 4.d4 cxd4 5.Nxd4 Nf6 6.Nxc6 bxc6 7.e5 Nd5 8.Nxd5 cxd5
9.Bd3 d6 10.Bf4 Rb8 11.O-O g5 12.Bg3 h5 13.exd6 Bxd6 14.Bxd6 Qxd6 15.Qd2 Rg8
16.Rae1 Qb4 17.Qe3 Qxb2 18.c4 Qb6 19.Qe5 Qb2 20.Qxd5 Bd7 21.Qa5 Qb6 22.Qe5 Qb2
23.Qe3 Qb6 24.c5 Qc7 25.Rb1 Bc6 26.Rxb8+ Qxb8 27.Bh7 Rh8 28.Be4 Bxe4 29.Qxe4 Ke7
30.Rb1 Rd8 31.g3 f5 32.Qe1 Qa8 33.Qc3 Qe4 34.Qg7+ Ke8 35.Qg8+ Ke7 36.Rb7+ Kf6
37.Qg7+  1-0

[Event "Russian Winter op"]
[Site "Moscow"]
[Date "1991.??.??"]
[Round "?"]
[White "Varavin, Viktor"]
[Black "Gogichaishvili, Giorgi"]
[Result "1/2-1/2"]
[WhiteElo "2440"]
[BlackElo "2380"]

1.e4 c5 2.Nf3 e6 3.d4 cxd4 4.Nxd4 Nc6 5.Nc3 Qc7 6.Be2 a6 7.O-O Nf6 8.a3 Be7
9.Kh1 O-O 10.Be3 d6 11.f4 Nxd4 12.Bxd4 e5 13.Be3 exf4 14.Rxf4 Be6 15.Qd2 Nd7
16.Nd5 Bxd5 17.Qxd5 Qxc2 18.Bc4 Ne5 19.Bb3 Qc6 20.Bd4  1/2-1/2